|
|
|
|
| LEADER |
00000naa a2200000uu 4500 |
| 001 |
vtls010951062 |
| 003 |
SK-MaSNL |
| 005 |
20260302125615.0 |
| 008 |
210906|2011 xo |||||||||||||||||slo| |
| 015 |
|
|
|a SNBRA
|
| 035 |
|
|
|a (urnnbn)urn:nbn:sk:snk:ar-a0bjqf
|
| 035 |
|
|
|a (uuid)3579d9da-b540-4967-a80a-396db8b618b4
|
| 035 |
|
|
|a urn:nbn:sk:snk-aaubru
|
| 040 |
|
|
|a SNKBUCL
|b slo
|c SNKBUCL
|e AACR2
|
| 041 |
0 |
|
|a slo
|
| 044 |
|
|
|a xo
|c SK
|
| 100 |
1 |
|
|a Blašková, A.
|4 aut
|9 812866
|
| 245 |
1 |
0 |
|a PRVÝCH 12 POOPERAČNÝCH HODÍN PO VEĽKÝCH CHIRURGICKÝCH VÝKONOCH
|c A. Blašková, I. Džuberová, J. Šimková, M. Griger, R. Záhorec
|
| 700 |
1 |
|
|a Džuberová, I.
|4 aut
|9 812867
|
| 700 |
1 |
|
|a Šimková, J.
|4 aut
|9 812868
|
| 700 |
1 |
|
|a Griger, M.
|4 aut
|9 812869
|
| 700 |
1 |
|
|a Záhorec, Roman,
|d 1958-
|4 aut
|9 156868
|
| 773 |
0 |
|
|t Novinky v anesteziológii, intenzívnej medicíne 2011
|d Prešov : A-print, 2011
|g S. 306-319
|z 9788097070809
|
| 958 |
|
|
|a OND
|
| 958 |
|
|
|a article11
|
| 958 |
|
|
|a chapter
|
| 999 |
|
|
|c 1294584
|d 1296514
|